00687nam a22001937a 450000500170000001000150001702000280003203500140006003700130007408200080008724500990009526000420019427000400023630000200027650000390029694200220033599900190035795201170037620180830115842.0 aENG-123397 c90.00 a9789352830411 aEN-106929 bDBAD/PUB a88000aVisionary glimpses :cedited by D V Naik...[et.al]ban English coursebook for undergraduates / aNew DelhibS. Chand and Companyc2018 a7361, Ram Nagar,bNew Delhie110055 a88p.c21cm(pbk) aIt includes glossary and questions 2ddccENmVISh880 c153521d153521 001040718NFICaDBADbLd2018-07-06eDBAD/PUBg90.00l0o880 VISpEN-106929r2018-07-06 00:00:00t1v90.00yEN